00253nam a2200109Ia 4500008004100000100001900041245002600060250000800086260002300094300000800117650001800125191201s2004 xx 000 0 und d aLICKER, Mark D 0aDictionary of Physics a3rd aN.DelhibTMHc2004 a483 aGeneral Books